MDQL
is popping MORE tags! Check the
thread
!
Quizzes
Events
Quiz Creation
Community
Videos
Private Events
Remove Ads
Sign In
Join for FREE
Feedback
Dark Mode
Quiz Categories
Sports
Geography
Music
Movies
Television
Just For Fun
Miscellaneous
History
Literature
Language
Science
Gaming
Entertainment
Religion
Holiday
For Kids
Quiz Lab
Recent
Popular Today
Quiz Kudos Today
Editor Picks
Curator Picks
Quizzes by...
Day
Popularity
Type
Ratings
Length
Year
Community
Subscriptions
Recent Discussions
Orange Saloon
Badges
Playlists
Quests
Create
Leaderboards
Showdown
Live 5
Trivia Bingo
Activity
Puzzle Library
Sporcle Events
Private Events
Virtual Trivia
Globe League
Become a Host
Pub Owners
SporcleCon
Opinionation
Our Games
Videos
Blog
Mobile Apps
Partnerships
Remove Ads and Go Orange
Feedback
Sports
Athletes
MLB
NBA
NHL
NFL
Soccer
Sports Teams
WWE
NCAA
Football
Premier League
Basketball
Baseball
Hockey
Golf
Tennis
Cricket
Rugby
Auto Racing
Olympics
World Cup
Sports
Athletes
MLB
NBA
NHL
NFL
Soccer
Sports Teams
WWE
NCAA
Football
Premier League
Basketball
Baseball
Hockey
Golf
Tennis
Cricket
Rugby
Auto Racing
Olympics
World Cup
Random Quiz
Search Sporcle
×
Quiz Lab
Quiz Lab
Sports
Baseball
Type in answers that appear in a list
Type in answers that appear in a list
Classic
Best Score? Go Orange.
Mets Opening Day SPs (1962-2012) Stats
Can you name the Mets Opening Day SPs (1962-2012)?
By
sj10689
11m
51 Questions
1,234 Plays
1,234 Plays
1,234 Plays
Comments
Comments
Give Quiz Kudos
Give Quiz Kudos
-
- Ratings
hide this ad
More Info
Replay
Link that replays current quiz
Next Quiz
Link to next quiz in quiz playlist
You Got
0%
They Got
Avg Score
74%
Avg Friend Score
Upgrade to see
Score Distribution
Jump to the score distribution portion of the page
Score
0/51
Timer
11:00
0
Plays Today
Year
Starting pitcher
% Correct
1974
Tom Seaver
97.8%
1973
Tom Seaver
97.8%
1972
Tom Seaver
97.8%
1971
Tom Seaver
97.8%
1970
Tom Seaver
97.8%
1969
Tom Seaver
97.8%
1968
Tom Seaver
97.8%
1983
Tom Seaver
97.7%
1977
Tom Seaver
97.7%
1976
Tom Seaver
97.7%
1975
Tom Seaver
97.7%
1994
Dwight Gooden
96.3%
1993
Dwight Gooden
96.3%
1991
Dwight Gooden
96.3%
1990
Dwight Gooden
96.3%
1989
Dwight Gooden
96.3%
1988
Dwight Gooden
96.3%
1986
Dwight Gooden
96.3%
1985
Dwight Gooden
96.3%
2012
Johan Santana
92.8%
2010
Johan Santana
92.8%
2009
Johan Santana
92.8%
2008
Johan Santana
92.8%
2002
Al Leiter
79%
2001
Al Leiter
79%
1999
Al Leiter
79%
Year
Starting pitcher
% Correct
1978
Jerry Koosman
78.4%
2007
Tom Glavine
76.9%
2006
Tom Glavine
76.9%
2004
Tom Glavine
76.9%
2003
Tom Glavine
76.9%
2005
Pedro Martinez
75.6%
1992
David Cone
72.5%
1998
Bobby J. Jones
64.5%
1996
Bobby J. Jones
64.5%
1995
Bobby J. Jones
64.5%
1982
Randy Jones
64.1%
2011
Mike Pelfrey
62.3%
1987
Bob Ojeda
61.9%
2000
Mike Hampton
59%
1963
Roger Craig
43%
1962
Roger Craig
43%
1965
Al Jackson
42%
1964
Al Jackson
42%
1980
Craig Swan
38.6%
1979
Craig Swan
38.6%
1966
Jack Fisher
31.3%
1981
Pat Zachry
31%
1997
Pete Harnisch
28.2%
1984
Mike Torrez
23.8%
1967
Don Cardwell
16.9%
Quiz Playlist
Details
Report
Send in Message
Add To Playlist
More Info:
Some nicknames and common misspellings are acceptable
Classic:
Type in answers that appear in a list
Quiz Source
Last Updated: Feb 16, 2017
Quiz Scoreboard
CHALLENGE
Sign Up to Join the Scoreboard
Show All
Scores
Hide
Comments
May contain spoilers
Recently Published
Find the 'City' Movie
by crazypaving
Movies
60s
5x2 Blitz: Bands
by SL_Kpop136
Music
30s
Colored Red Africa Blitz
by spor1
Geography
30s
More to Explore
Quiz From the Vault
Featured Blog Post
14 Easter Pick-up Lines to Find Eggs With
hide this ad
You Might Also Like...
Tags
Baseball Quiz
New York
New York Mets
Opening Day Lineups
Pitchers
Shea Stadium
Starting Pitchers
Today's Top Quizzes in Sports
Browse Sports
hide this ad
Today's Top Quizzes in Baseball
Browse Baseball
Top Contributed Quizzes in Sports
1
Les entraîneurs de l'OM et du PSG au 21e siècle
2
Les meilleurs buteurs des matchs entre le PSG et l’OM
3
Players with Multiple 50 Home Run Seasons
4
2022 World Cup Stars
5
Les joueurs passés par le PSG et l'OM
6
NBA Logic Puzzle 2.0
7
Criteria MLB: Left Handed Sluggers
8
MLB Players with Two .350 Batting Average Seasons
9
Top 10 NHL Goal Scorers of All Time
10
Who Hit More Homers?
Explore More
Trending Topics
Kpop
Crossword
Anime
Harry Potter
Disney
NBA
Marvel
The Office
Song
NFL
Soccer
Country
Puzzle
WWE
Pokémon
hide this ad
More By:
sj10689
Quiz
Plays
Rating
Category
Featured
Created
New York Mets: Who Wants to Be a Mets Millionaire?
5,300
3.00
Sports
Aug 13, 2014
Mets Opening Day SPs (1962-2012)
1,234
4.38
Sports
Jun 22, 2012
New York Mets SpeedRun Quiz
831
5.00
Sports
Aug 20, 2014
NY Mets Franchise Leaders: Doubles (as of 8/19/2015)
720
5.00
Sports
Aug 19, 2015
Mets' ASG representatives (1962-present), v.2.0
461
5.00
Sports
Jul 9, 2014
Go to Creator's Profile
Score Distribution
Quiz Creator Spotlight
sj10689
Follow
Send a Message
Quizzes Created
-
Created Quiz Play Count
-
More By This Creator
Popular Quizzes Today
1
Colored Red Africa Blitz
2
Find the 'City' Movie
3
Find the US States - No Outlines Minefield
4
5x2 Blitz: Bands
5
The Countries of the World
6
Find the US States
7
Find the Countries of Europe - No Outlines Minefield
8
US States
More Sports Quizzes
First XI: Van Gaal - Netherlands
Quiz Lab
Trending Quizzes
Colored Red Europe Blitz I
Colored Red Europe Blitz II
Colored Red Africa Blitz II
Colored Red Europe Blitz III
Colored Red Africa Blitz III
Recently Updated
How Do You Spell That?
pecheneg
Godzilla Movies
pecheneg
Grab Bag: 4-10 Letters
pecheneg
2024 March Madness Bracket
pecheneg
Famous TV Couples
Peacemaker
Champions League XIs: Real Madrid
pecheneg
Largest US Cities 1790-2010
pecheneg
Rides in Walt Disney World
pecheneg
Most Oscar Losses (Acting)
pecheneg
Beyoncé Albums
pecheneg
Trending Topics
Marvel
Disney
Harry Potter
NBA
Kpop
Crossword
Anime
WWE
The Office
Pokémon
Country
NFL
Puzzle
Soccer
Song
Your Account Isn't Verified!
In order to create a playlist on Sporcle, you need to verify the email address you used during registration. Go to your
Sporcle Settings
to finish the process.
Report this User
Report this user for behavior that violates our
Community Guidelines
.
Details:
Send Report
Go to the Sporcle.com Mobile Site →
Comments